| 000 | 00537nam a2200181Ia 4500 | ||
|---|---|---|---|
| 005 | 20250508160901.0 | ||
| 008 | 008 250505s9999 xx 000 0 hin d | ||
| 037 | _aReference | ||
| 040 |
_aFEDL _beng _cFEDL |
||
| 041 |
_ahin _2hin |
||
| 084 |
_a371.7, SHA _qFEDL |
||
| 100 |
_aSharma Shivkumar _9441172 |
||
| 245 | 0 | _aAnuranjanatmak kriyaye sharirik shiksha evam swasthya | |
| 260 |
_aJaipur, India _bRajasthan Hindi Granth Akademi _c1973 |
||
| 300 | _a276p. | ||
| 942 |
_cREF _h371.7, SHA |
||
| 999 |
_c1367176 _d1367176 |
||